|
|
|
|
| LEADER |
00000cam a2200000 7i4500 |
| 001 |
0000005165 |
| 002 |
000005577 |
| 005 |
20000330.0 |
| 020 |
|
|
|a 9836234764
|
| 090 |
0 |
0 |
|a 899.23
|b TAL
|
| 100 |
0 |
|
|a Talib Samat
|
| 245 |
1 |
0 |
|a Di sekitar dunia sastera dan permasalahannya
|c Talib Samat
|
| 260 |
|
|
|a Kuala Lumpur :
|b DBP ,
|c 1993
|
| 300 |
|
|
|a 418p. :
|b ill ;
|c 22cm.
|
| 650 |
0 |
0 |
|a Malay literature
|
| 650 |
0 |
0 |
|a Malay literature
|x History and criticism
|
| 999 |
|
|
|a 030553
|b BUKU
|c PINJAMAN
|e PERPUSTAKAAN KOMUNITI PETALING JAYA
|
| 999 |
|
|
|a 030554
|b BUKU
|c PINJAMAN
|e PERPUSTAKAAN KOMUNITI PETALING JAYA
|
| 999 |
|
|
|a 031193
|b BUKU
|c RUJUKAN
|e PERPUSTAKAAN KOMUNITI PETALING JAYA
|